| 000 | 06952namaa22004451i 4500 | ||
|---|---|---|---|
| 003 | EG-GICUC | ||
| 005 | 20260423102928.0 | ||
| 008 | 260410s2025 ua a|||frm||| 000 0 eng d | ||
| 040 |
_aEG-GICUC _beng _cEG-GICUC _dEG-GICUC _erda |
||
| 041 | 0 |
_aeng _beng _bara |
|
| 049 | _aDeposit | ||
| 082 | 0 | 4 | _a596 |
| 092 |
_a596 _221 |
||
| 097 | _aM.Sc | ||
| 099 | _aCai01.12.21.M.Sc.2024.Ma.A | ||
| 100 | 0 |
_aMarwa Mohammed Abd-elaal, _epreparation. |
|
| 245 | 1 | 0 |
_aAssessment of the effect of coragen pesticide on the pregnant albino rats and their fetuses / _cby Marwa Mohammed Abd-elaal ; Supervisors Prof. Dr. Ahmed Emam Dakrory, Prof. Dr. Amel Ramadan Omar, Dr. Heba Bassiony. |
| 246 | 1 | 5 | _aتقييم تأثير مبيد الكوراجين على الجرذان الحوامل وأجنتها |
| 264 | 0 | _c2025. | |
| 300 |
_a78 pages : _billustrations ; _c25 cm. + _eCD. |
||
| 336 |
_atext _2rda content |
||
| 337 |
_aUnmediated _2rdamedia |
||
| 338 |
_avolume _2rdacarrier |
||
| 502 | _aThesis (M.Sc)-Cairo University, 2025. | ||
| 504 | _aBibliography: pages 59-78. | ||
| 520 | 3 | _aCoragen 20 SC is a new insecticide contains the active ingredient chlorantraniliprole, has been approved for use against insects in many crops due to the presence of insect ryanodine receptors. Coragen is being used to fight various types of flies and their larvae. The present study aims to evaluate the intrauterine exposure to coragen in pregnant rats and their fetuses from 6th to 20th day of gestation. Forty-five albino rats (Rattus norvegicus); 15 males and 30 virgin females, weighing 170 ± 20 g were provided from the animal house of the National Research Center, Egypt. The pregnant dams were orally administrated saline (control), 100 mg/kg (low dose) or 200 mg/kg (high dose) of coragen. Pregnant rats were checked daily to determine any signs of toxicity or behavioral change. The weights of the pregnant rats were weekly recorded. The mothers of two treated groups showed teratogenic anomalies such as asymmetrical distribution of fetuses in the two uterine horns, as well as, observed resorption, bleeding in the uteri while, their fetuses had growth retardation, morphological malformations and some skeletal perversions in addition to some dead fetuses were recorded. Fetal and maternal specimens of liver and kidney of the control and treated groups were firstly fixed in 10% buffered formalin solution for 24 hrs., then, dehydrated using ascending series of ethyl alcohol. Specimens were cleared in xylol and embedded in paraffin wax. The samples were sectioned at 5 μm and stained with H&E for routine examination and photomicrography by the light microscope. Furthermore, multiple histopathological changes occurred, and a significant DNA damage was induced by coragen in maternal and fetal liver and kidney tissues compared to the control. Gestational coragen treatment resulted in teratogenic and genotoxic effect on pregnant rats and their fetuses. The obtained results in the present study imply that women and their fetuses may have the same risk. | |
| 520 | 3 | _aالكوراجين 20 إس سي هو مبيد حشري جديد يحتوي على المادة الفعالة كلورانترانيليبرول، وقد تمت الموافقة على استخدامه ضد الحشرات في العديد من المحاصيل بسبب وجود مستقبلات الريانودين الحشرية. يستخدم الكوراجين لمحاربة أنواع مختلفة من الذباب ويرقاته. تهدف الدراسة الحالية إلى تقييم التعرض داخل الرحم للكوراجين في الجرذان الحوامل وأجنتها من اليوم السادس إلى اليوم العشرين من الحمل. خمسة وأربعون من الفئران البيضاء (Rattus norvegicus)؛ تم توفير 15 ذكراً و30 أنثى ، بوزن 170 ± 20 جم من بيت الحيوان التابع للمركز القومي للبحوث بمصر. كانت الفئران الحوامل تجرع عن طريق الفم بمحلول ملحي (تحكم)، 100 ملغم/كغم (جرعة منخفضة) أو 200 ملغم/كغم (جرعة عالية) من الكوراجين. تم فحص الفئران الحوامل يوميًا لتحديد أي علامات سمية أو تغير سلوكي. تم تسجيل أوزان الجرذان الحوامل اسبوعيا. أظهرت أمهات المجموعتين المعالجتين تشوهات مثل التوزيع غير المتماثل للأجنة في قرني الرحم، وكذلك ملاحظة اختفاء بعض الاجنه ونزيف في الرحم بينما كانت الأجنة تعاني من تأخر النمو والتشوهات للشكل الخارجى وبعض التغيرات الهيكلية بالإضافة إلى تسجيل بعض الأجنة الميتة. تم أولاً تثبيت عينات الكبد والكلى الجنينية والأمية للمجموعات التحكم والمعالجة في محلول الفورمالين المنظم بنسبة 10% لمدة 24 ساعة. ثم يتم تجفيفه باستخدام سلسلة تصاعدية من الكحول الإيثيلي. تم مسح العينات في الزيلول ودمجها في شمع البارافين. تم تقسيم العينات عند 5 ميكرومتر وتصبغ بـصبغة H&E للفحص الروتيني والتصوير المجهري الضوئي بواسطة المجهر الضوئي. علاوة على ذلك، حدثت تغيرات نسجية مرضية متعددة وحدث تلف كبير في الحمض النووي بواسطة الكوراجين في أنسجة الكبد والكلى للام والاجنه مقارنة بالتحكم. أدى علاج الكوراجين للفئران الحوامل إلى تشوهات الاجنه وتغيرات جينيه على الجرذان الحوامل وأجنتها. تشير النتائج التي تم الحصول عليها في هذه الدراسة إلى أن الامهات وأجنتهن قد يتعرضن لنفس المخاطر. | |
| 530 | _aIssues also as CD. | ||
| 546 | _aText in English and abstract in Arabic & English. | ||
| 650 | 0 | _aComparative Anatomy and Embryology | |
| 650 | 0 | _aتشريح مقارن وأجنة | |
| 653 | 1 |
_aCoragen _aDNA damage _aHistopathology _aMalformation _aPregnant rats _aTeratogenicity _aكوراجين _aتلف الحمض النووي |
|
| 700 | 0 |
_aAhmed Emam Dakrory _ethesis advisor. |
|
| 700 | 0 |
_aAmel Ramadan Omar _ethesis advisor. |
|
| 700 | 0 |
_aHeba Bassiony _ethesis advisor. |
|
| 900 |
_b01-01-2025 _cAhmed Emam Dakrory _cAmel Ramadan Omar _cHeba Bassiony _UCairo University _FFaculty of Science _DDepartment of Zoology |
||
| 905 |
_aShimaa _eEman Ghareb |
||
| 942 |
_2ddc _cTH _e21 _n0 |
||
| 999 | _c179364 | ||